000 004810000a22001810004500
003 MACL
005 20210908160335.0
008 150705b xxu||||| |||| 00| 0 eng d
040 _aMACL
_cMACL
041 _aEnglish
082 _a306/MIT
100 _aMittal, Manu
_9854
245 _aCultures and Societies in Transition
_bIndia Russia and Other CIS Countries
260 _bShipra Publication
_c2008
_aDelhi
350 _a750
650 _2sociology
942 _cBK
_k306/MIT
_2ddc
999 _c41324
_d41324